Football - Pays ayant gagnés l'Euro (Mort Subite) - Statistiques

Statistiques générales
  • Ce quiz a été pris 267 fois
  • Le résultat moyen est 6 sur 10
Answers on the Grid
Answers color-coded by a green-red scale on the quiz's grid according to % correct below.
France
Allemagne
Pays-Bas
Espagne
Italie
URSS/Russie
Tchécoslovaquie
Danemark
Grèce
Portugal
Yougoslavie
Angleterre
Suède
Belgique
Turquie
Bulgarie
Hongrie
Pologne
Suisse
Écosse
 
Statistiques - réponses
Réponse % Correct
France
84%
Italie
74%
Espagne
73%
Allemagne
71%
Portugal
68%
Grèce
57%
Pays-Bas
45%
Danemark
39%
URSS/Russie
30%
Tchécoslovaquie
24%
Aucun quiz correspondant
Distribution des résultats
% des personnes avec chaque résultat
Percentile par nombre de réponses
Votre historique - résultats
Vous n’avez pas pris ce quiz